000 002500000a22001090004500
041 0 _aspa
082 0 4 _aCD 071
100 1 _aMarĂ­n, Mario
245 1 0 _aDescubriendo el agua. Ciencias con material de desecho / MarioMarĂ­n
001 1125
942 _cLGB
999 _c48300
_d48300